Dear zoo animal shapes / (Record no. 49925)
| 000 -LEADER | |
|---|---|
| fixed length control field | 00544nam a2200145 4500 |
| 020 ## - INTERNATIONAL STANDARD BOOK NUMBER | |
| International Standard Book Number | 9781447282785 (hbk.) : |
| Terms of availability | £5.99 |
| 100 1# - MAIN ENTRY--PERSONAL NAME | |
| Personal name | Campbell, Rod, |
| Relator term | author. |
| 9 (RLIN) | 59229 |
| 245 10 - TITLE STATEMENT | |
| Title | Dear zoo animal shapes / |
| Statement of responsibility, etc | Rod Campbell. |
| 260 ## - PUBLICATION, DISTRIBUTION, ETC. (IMPRINT) | |
| Place of publication, distribution, etc | London; |
| Name of publisher, distributor, etc | MacMillan Children's Books: |
| Date of publication, distribution, etc | 2015. |
| 300 ## - PHYSICAL DESCRIPTION | |
| Extent | 18 unnumbered pages : |
| Other physical details | chiefly illustrations (colour) ; |
| Dimensions | 18 cm. |
| 650 ## - SUBJECT ADDED ENTRY--TOPICAL TERM | |
| Topical term or geographic name as entry element | Zoo animals |
| Form subdivision | Pictorial works |
| -- | Juvenile fiction. |
| 9 (RLIN) | 65953 |
| 650 ## - SUBJECT ADDED ENTRY--TOPICAL TERM | |
| Topical term or geographic name as entry element | Shapes |
| Form subdivision | Juvenile fiction. |
| 9 (RLIN) | 57599 |
| 942 ## - ADDED ENTRY ELEMENTS (KOHA) | |
| Source of classification or shelving scheme | |
| Koha item type | Board Book |
| Withdrawn status | Lost status | Source of classification or shelving scheme | Damaged status | Not for loan | Home library | Current library | Date acquired | Total Checkouts | Full call number | Barcode | Checked out | Date last seen | Date checked out | Price effective from | Koha item type |
|---|---|---|---|---|---|---|---|---|---|---|---|---|---|---|---|
| Logos International School | Logos International School | 12/10/2025 | 3 | BB CAM | 100113 | 05/08/2026 | 04/30/2026 | 04/30/2026 | 12/10/2025 | Board Book |